000 00502nam a2200181Ia 4500
999 _c29953
_d29953
003 OSt
005 20201117095542.0
008 190216s9999||||xx |||||||||||||| ||und||
020 _a8171808425
040 _coclc
082 _a894.8123
_bKES/O
100 _aKesavadev, P
_96490
245 0 _aOru Sundariyude Athmakatha /
_cP Kesavadev
260 _bPoorna Pubs,
_c2013.
_aKozhikode:
300 _a168p
650 _aNovel
942 _cBK
_2ddc
_h894.8123
_iKES/O
_k894.8123
_mKES/O